Código de bancarrotas de los Estados Unidos. Una traducción y comentario. El mundo en proceso de cambio (Registro nro. 20847)
[ vista simple ]
| 000 -LEADER | |
|---|---|
| fixed length control field | 00393 a2200109 4500 |
| 001 - CONTROL NUMBER | |
| control field | ART_39022 |
| 005 - DATE AND TIME OF LATEST TRANSACTION | |
| control field | 20260410161804.0 |
| 008 - FIXED-LENGTH DATA ELEMENTS--GENERAL INFORMATION | |
| fixed length control field | 260409a |
| 100 1# - MAIN ENTRY--PERSONAL NAME | |
| Personal name | Dasso, Ariel G. |
| 245 10 - TITLE STATEMENT | |
| Title | Código de bancarrotas de los Estados Unidos. Una traducción y comentario. El mundo en proceso de cambio |
| 773 0# - HOST ITEM ENTRY | |
| Title | Doctrina Societaria y Concursal |
| Related parts | - Nº 322 (sep. 2014) |
| Record control number | REV4298 |
No hay ítems disponibles.